=LDR 00000nam 2200000 4500 =001 INLIS000000000052573 =990 ##$$a 21709332 =005 20200225022122 =990 ##$$a 21709335 =035 ##$$a 0010-0218000269 =990 ##$$a 21709334 =007 ta =990 ##$$a 21709333 =008 200225################g##########0#ind## =990 ##$$a 21709331 =020 ##$$a 979-526-852-X =082 ##$$a 001.42 =084 ##$$a 001.42 SUK m =100 #$$a Sukardi =245 1#$$a Metodologi penelitian pendidikan : $b Kompetensi dan prakteknya /$c Prof. Sukardi, Ph.D. =250 ##$$a cet.16 =260 ##$$a Jakarta :$b Bumi Aksara,$c 2017 =300 ##$$a ix, 234 hlm : $b Illus ; $c 23 x 15 cm =650 #4$$a Metodologi - Penelitian =504 ##$$a Bibliografi : hlm 234 =990 ##$$a 21709335 =990 ##$$a 21709334 =990 ##$$a 21709333 =990 ##$$a 21709332 =990 ##$$a 21709331 =990 ##$$a 21709332 =990 ##$$a 21709335 =990 ##$$a 21709334 =990 ##$$a 21709333 =990 ##$$a 21709331 =990 ##$$a 21709334 =990 ##$$a 21709335 =990 ##$$a 21709333 =990 ##$$a 21709332 =990 ##$$a 21709331 =990 ##$$a 5202202213 =990 ##$$a 21709335 =990 ##$$a 21709334 =990 ##$$a 21709333 =990 ##$$a 21709332 =990 ##$$a 21709331